Statistics for Lizzo Charting Songs (Billboard Hot 100)

Click here to take the quiz!

General Stats

  • This quiz has been taken 159 times
    (30 since last reset)
  • The average score is 5 of 8

Answer Stats

AlbumWeeks OnPeakArtist(s)Song% Correct
Special42 Weeks#1 (2 Weeks)LizzoAbout Damn Time
100%
Cuz I Love You42 Weeks#1 (7 Weeks)LizzoTruth Hurts
88%
Coconut Oil30 Weeks#3LizzoGood as Hell
75%
Cuz I Love You4 Weeks#82LizzoJuice
75%
Non-Album Single7 Weeks#4Lizzo ft. Cardi BRumors
75%
Special10 Weeks#52Lizzo ft. SZASpecial
71%
Special13 Weeks#55Lizzo2 Be Loved (Am I Ready)
33%
Non-Album Single5 Weeks#59LizzoSomeday at Christmas
13%

Score Distribution

Percentile by Number Answered

Percent of People with Each Score

Your Score History

You have not taken this quiz since the last reset